| 000 | nam a22 a 4500 | ||
|---|---|---|---|
| 999 |
_c1798 _d1798 |
||
| 003 | AKMAL | ||
| 005 | 20170512092055.0 | ||
| 008 | 170512s2012 my | e l 001 0 eng d | ||
| 020 | _a9789678922388 | ||
| 020 | _a9789678922340 (pbk.) | ||
| 040 | _aAKMAL | ||
| 082 | 0 | 4 | _a345.595 MSA |
| 090 | 0 | 0 |
_a345.595 _bMSA |
| 245 | 1 | 0 |
_aAlman : _bcriminal law in Malaysia / _cMohamad Shariff bin Hj. Abu Samah, Asidah binti Hj. Mohd. Ali |
| 260 |
_aPetaling Jaya, Selangor : _bInternational Law Book Services, _c2012 |
||
| 300 |
_aliii, 736p. ; _c23cm. |
||
| 500 | _aIncludes index | ||
| 500 | _a"List of cases": p. xi-xxii | ||
| 500 | _a"List of statutes": p. xxiii-xxxii | ||
| 650 | 1 | 0 |
_aCriminal law _zMalaysia _93716 |
| 700 | 0 |
_aAsidah binti Mohd Ali _93717 |
|
| 942 |
_2ddc _cBOOK |
||